Financial and Managerial Accounting / (Record no. 614363)

000 -LEADER
fixed length control field 00349nam a22001457a 4500
020 ## - INTERNATIONAL STANDARD BOOK NUMBER
Qualifying information PB.
040 ## - CATALOGING SOURCE
Transcribing agency Fizza Ishaq
082 ## - DEWEY DECIMAL CLASSIFICATION NUMBER
Classification number 657
Author Mark WIL
100 ## - MAIN ENTRY--PERSONAL NAME
Personal name Jan, Williams.
9 (RLIN) 129835
245 ## - TITLE STATEMENT
Title Financial and Managerial Accounting /
Statement of responsibility, etc. Williams Jan.
250 ## - EDITION STATEMENT
Edition statement 20th ed.
260 ## - PUBLICATION, DISTRIBUTION, ETC.
Name of publisher, distributor, etc. McGraw Hill,
Date of publication, distribution, etc. 2023.
300 ## - PHYSICAL DESCRIPTION
Extent 1280 P. ;
942 ## - ADDED ENTRY ELEMENTS (KOHA)
Source of classification or shelving scheme
Koha item type Book
Holdings
Withdrawn status Lost status Source of classification or shelving scheme Damaged status Not for loan Permanent Location Current Location Date acquired Total Checkouts Full call number Barcode Date last seen Price effective from Koha item type
          NUST Baluchistan Campus (NBC) NUST Baluchistan Campus (NBC) 07/15/2025   657 WIL Q-6424 07/15/2025 07/15/2025 Book
© 2023 Central Library, National University of Sciences and Technology. All Rights Reserved.